Ročenka sdělovací techniky 1984

Saved in:
Bibliographic Details
Main Author: Havlíček, Miroslav
Format: Book
Language:Czech
Published: Praha Státní nakladatelství technické literatury 1983
Tags: Add Tag
No Tags, Be the first to tag this record!

MARC

LEADER 00000nam a2200000 4500
001 c115693
005 20221220090850.2
041 0 |a cze 
044 |a CZ 
245 1 0 |a Ročenka sdělovací techniky 1984  |c Miroslav Havlíček a kol. 
264 1 |a Praha  |b Státní nakladatelství technické literatury  |c 1983 
300 |a 275 s. 
100 1 |a Havlíček, Miroslav